000 00300nam a22001097a 4500
999 _c13430
_d13430
020 _a96984470919
100 _aDr. Fahmida Hussain
245 _aInternational Conference on Sindh
_bPast, Present & Future
260 _aKarachi
_bShah Abdul Latif Bhitai Chair
_c2006
300 _a264 pages
942 _cBK